• 首页
  • 本馆介绍
  • 公告通知
  • 最新文献
  • 馆藏检索
  • 电子资源
  • 读者导购
  • 参考咨询
  • 我的图书馆
  • 登录
  • 详细信息显示
  • 放入我的书架
  • 预约/预借图书
  • 作者相关作品
  • 分类相关作品
  • 丛书相关作品
  • 出版社相关作品

书目信息

  • 表格格式
  • 工作单格式
  • 卡片格式
题名:
尼采:在世纪的转折点上
    
 
作者: 周国平 著
分册:  
出版信息: 上海   上海人民出版社  1986
页数: 325页
开本: 20cm
丛书名:
单 册:
中图分类: B561.47
科图分类:
主题词: CT--S093935--哲学思想
电子资源:
ISBN: 7-208-00467-6
000 00909nam0 2200241 450
001 1159676253
005 20111003163525.37
010    @a7-208-00467-6@dCNY16.00
100    @a20011214e20011986em y0chiy0110 ea
101 0  @achi
102    @aCN@b310000
105    @ay z 000yd
200 1  @a尼采:在世纪的转折点上@9ni cai : zai shi ji de zhuan zhe dian shang@f周国平著
210    @a上海@c上海人民出版社@d1986@h2001重印
215    @a325页@d20cm
330    @a本书介绍了尼采的哲学思想,包括我的时代还没有到来、在人生之画面前、从酒神精神到强力意志、“自我”的发现、向理性挑战等。
600  1 @a尼采@c(Nietzsche, Friedrich Wilhelm@f1844~1900)@x哲学思想@x研究
600  1 @2CT@3S054774@a尼采@c(Nietzsche, Friedrich Wilhelm@f1844~1900)
606 0  @2CT@3S093935@a哲学思想
690    @aB561.47@v4
701  0 @a周国平@9zhou guo ping@f(1945~)@4著
801  0 @aCN@b91MARC@c20101222
905    @a10447@dB561.47@eJY42
    
    尼采:在世纪的转折点上/周国平著.-上海:上海人民出版社,1986(2001重印)
    325页;20cm
    
    
    ISBN 7-208-00467-6:CNY16.00
    本书介绍了尼采的哲学思想,包括我的时代还没有到来、在人生之画面前、从酒神精神到强力意志、“自我”的发现、向理性挑战等。
●
相关链接 在E读中查询图书 在五车中查询图书 在当当中查询图书 在豆瓣中查询图书


正题名:尼采:在世纪的转折点上     索取号:B561.47/JY42         预约/预借

序号 登录号 条形码 馆藏地/架位号 状态 备注
1 7824866   278248665   学院路分馆/ [索取号:B561.47/JY42] 在馆    
2 7824867   278248674   学院路分馆/ [索取号:B561.47/JY42] 在馆    
唐山师范学院图书馆 欢迎您!
大连网信软件有限公司© 版权所有